书目信息 |
| 题名: |
灵感装饰·家居收纳
|
|
| 作者: | ;美好家园 编著 | |
| 分册: | ||
| 出版信息: | 北京 中国轻工业出版社 2009.01 |
|
| 页数: | 128页 | |
| 开本: | 24cm | |
| 丛书名: | 美好家园丛书 | |
| 单 册: | ||
| 中图分类: | TU241 | |
| 科图分类: | ||
| 主题词: | 住宅--zhu zhai--室内装饰 , 住宅--zhu zhai--室内布置 | |
| 电子资源: | ||
| ISBN: | 978-7-5019-6821-3 | |
| 000 | 01005nam 2200277 450 | |
| 001 | 012010431671 | |
| 005 | 20100103084506.81 | |
| 010 | @a978-7-5019-6821-3@dCNY36.00 | |
| 100 | @a20100103d2009 em y0chi0120 ea | |
| 101 | 0 | @achi |
| 102 | @aCN@b110000 | |
| 105 | @aa z 000yy | |
| 106 | @ar | |
| 200 | 1 | @a灵感装饰·家居收纳@Aling gan zhuang shi·jia ju shou na@d= Inspirational decor storage@f美好家园编著@Fmei hao jia yuan bian zhu@zeng |
| 210 | @a北京@c中国轻工业出版社@d2009.01 | |
| 215 | @a128页@c图@d24cm | |
| 225 | 2 | @a美好家园丛书@Amei hao jia yuan cong shu |
| 330 | @a本书介绍了家居收纳的艺术,内容包括:收纳综述、厨房篇、客厅篇、卧室篇、儿童房篇、浴室篇、工作空间篇、其他空间篇。 | |
| 410 | 0 | @12001 @a美好家园丛书 |
| 510 | 1 | @aInspirational decor storage@zeng |
| 606 | 0 | @a住宅@Azhu zhai@x室内装饰 |
| 606 | 0 | @a住宅@Azhu zhai@x室内布置 |
| 690 | @aTU241@v4 | |
| 711 | 02 | @a美好家园@Amei hao jia yuan@4编著 |
| 801 | 0 | @aCN@bQSSK@c20100103 |
| 905 | @b769944-48@dTU241@eM541@f5 | |
| 灵感装饰·家居收纳= Inspirational decor storage/美好家园编著.-北京:中国轻工业出版社,2009.01 |
| 128页:图;24cm.-(美好家园丛书) |
| ISBN 978-7-5019-6821-3:CNY36.00 |
| 本书介绍了家居收纳的艺术,内容包括:收纳综述、厨房篇、客厅篇、卧室篇、儿童房篇、浴室篇、工作空间篇、其他空间篇。 |
| ● |
| 相关链接 |
|
|
|
正题名:灵感装饰·家居收纳
索取号:TU241/M541
 
预约/预借
| 序号 | 登录号 | 条形码 | 馆藏地/架位号 | 状态 | 备注 |
| 1 | 769944 | 207699445 | 建筑与城市规划学院资料室/101建筑库 31排1列4层/ [索取号:TU241/M541] | 在馆 | |
| 2 | 769945 | 207699454 | 建筑库101/101建筑库 58排6列3层/ [索取号:TU241/M541] | 在馆 | |
| 3 | 769946 | 207699463 | 建筑库101/101建筑库 58排4列4层/ [索取号:TU241/M541] | 在馆 | |
| 4 | 769947 | 207699472 | 建筑库101/101建筑库 58排4列4层/ [索取号:TU241/M541] | 在馆 | |
| 5 | 769948 | 207699481 | 建筑与城市规划学院资料室/101建筑库 31排1列4层/ [索取号:TU241/M541] | 在馆 |